| 000 | 00822nam a22002177a 4500 | ||
|---|---|---|---|
| 999 |
_c18996 _d18996 |
||
| 003 | AR-CdUCM | ||
| 008 | 190516b ||||| |||| 00| 0 spa d | ||
| 040 |
_aMUNICIPALIDAD PROVINCIAL DEL CUSCO _cBIBLIOTECA MUNICIPAL DEL CUSCO |
||
| 082 |
_22ed. _a512 / _bB24 |
||
| 100 |
_aBardell, Rose H. _940008 |
||
| 245 | _aAlgebra Superior / | ||
| 260 |
_aMexico : _bCompañia editorial Continental, _c1961. |
||
| 300 |
_a281 paginas ; _c24 cm. |
||
| 505 | _aContenido: Sistemas numericos y operaciones fundamentales -- Productos notables y factorización -- Fracciones -- Exponentes y radicales -- Funciones y representación grafica... | ||
| 650 |
_aMatematicas _99398 |
||
| 650 |
_aOperaciones _923223 |
||
| 650 |
_aAlgebra _920185 |
||
| 700 |
_aSpitzbart, Abraham _940009 |
||
| 942 |
_2ddc _cLIBROS |
||
| 945 |
_apjha _d2019-05-16 |
||